Serviȯs Notariais e de Registro

Detalles Bibliográficos
Autor principal: Roberto Castro Fassa, Odemilson
Formato: Libro
Lenguaje:portugués
Publicado: Brasil Pillares 2013
Materias:
Acceso en línea:Acceso restringido

MARC

LEADER 00000nam a22000007a 4500
005 20160520095449.0
007 cr|||| ||u|
008 160520s2013 bl ||||| |||| 00||0 por d
020 |a 978-85-8183-011-7 
035 |a 14225 
040 |a vLex 
090 |c 6106  |d 6106 
100 1 |a Roberto Castro Fassa, Odemilson  
245 1 0 |a Serviȯs Notariais e de Registro  |h [Recurso electrn̤ico] /  |c Odemilson Roberto Castro Fassa  
256 |a Servicio en ln̕ea 
260 |a Brasil   |b Pillares  |c 2013 
300 |a 1 recurso electrn̤ico 
506 1 |a Contenido solo disponible en los productos indicdaos  |d vLex Global  |d vLex Global (Academic Edition, excluding Law Schools)  |d vLex Global (U.S. Academic Edition, Law Schools)  |d vLex Global (U.S. Academic Edition, excluding Law Schools)  |d vLex Global (Academic Edition, Law Schools) 
650 0 4 |a Derecho  |z Brasil 
740 0 |a vLex libros (servicio en ln̕ea)  
856 4 0 |u http://vlex.com/source/servi-os-notariais-e-de-registro-14225  |z Acceso restringido 
942 |c BOOK 
999 0 |a Law  |b Brasil